000 00368nam a22001571a 4500
082 _aH 294.592 1
_bANI/V
100 _aAnivarna
245 _aVed mimasa (vol.3)/
_cby Anivarna
260 _aDelhi:
_bNag,
_c2007.
300 _a943-1488p.
650 _aVedic Literature
650 _aHinduism
650 _aReligion
700 _aChavinath Mishra (tr.)
942 _cBK
999 _c49306
_d49306